Statistics for 15 most popular ncs songs with cyan circle (February 2024)

Click here to take the quiz!

General Stats

  • This quiz has been taken 7 times
  • The average score is 10 of 15

Answer Stats

Views/Artist/sAnswer% Correct
244mil/DisfigureBlank
100%
4mil/InukshukA World Away
80%
7mil/ForiaBreak Away
80%
3mil/Sex Whales & Phantom SageOne Day
80%
6mil/Unknown Brain & Chris LintonPerseus
80%
4mil/SekaiRunning
80%
6mil/Phantom SageCrystal Clouds
60%
3mil/Halcyon & Starlyte & Charlotte HainingEscape With Me
60%
4mil/Umpire & Liz KretschmerGravity
60%
5mil/DisfigureHollah!
60%
3mil/LaszloOne Step Away
60%
5mil/SekaiSomebody
60%
3mil/Spencer MaroStarfire
60%
5mil/Phantom SageMIKO
40%
3mil/Au5 & Danyka NadeauCloser
20%

Score Distribution

Percentile by Number Answered

Percent of People with Each Score

Your Score History

You have not taken this quiz